[Event "Open Marianske Lazne 2015 - C - open"]
[Site "Marianske Lazne CZE"]
[Date "2015.01.21"]
[Round "6.3"]
[White "Grela, Kacper"]
[Black "Nguyen, Thai Dai Van"]
[Result "0-1"]
[WhiteElo "2096"]
[BlackElo "2212"]
[PlyCount "90"]
[EventDate "2015.01.17"]
[EventType "swiss"]
[EventRounds "9"]
[EventCountry "CZE"]
[Source "lmi"]
[SourceDate "2015.01.17"]

1. e4 c5 2. c3 d5 3. exd5 Qxd5 4. d4 g6 5. Nf3 Bg7 6. Be2 Nh6 7. c4 Qd8 8. d5
O-O 9. Nc3 Nf5 10. O-O e5 11. Ng5 Nd4 12. f4 Nd7 13. Nf3 Re8 14. Bd3 Nxf3+ 15.
Qxf3 f5 16. fxe5 Nxe5 17. Qg3 Ng4 18. Bf4 g5 19. Bc7 Bd4+ 20. Kh1 Qf6 21. Qxg4
fxg4 22. Rxf6 Bxf6 23. Ne4 Bxb2 24. Rf1 Rf8 25. Rb1 Bf5 26. Nxc5 b6 27. Bxf5
Rxf5 28. Ne6 Be5 29. d6 Rf6 30. Nxg5 Raf8 31. g3 Rf1+ 32. Rxf1 Rxf1+ 33. Kg2
Rd1 34. Bb8 Bxd6 35. Bxa7 Bc5 36. h3 Rd2+ 37. Kh1 Rxa2 38. Bb8 gxh3 39. Nxh3
Rc2 40. Nf4 Rxc4 41. Kg2 b5 42. Be5 Bd4 43. Nd3 Rc3 44. Bxd4 Rxd3 45. Bc5 Kf7
0-1

[Event "Open Marianske Lazne 2015 - C - open"]
[Site "Marianske Lazne CZE"]
[Date "2015.01.21"]
[Round "6.4"]
[White "German, Nikita"]
[Black "Janik, Igor"]
[Result "0-1"]
[WhiteElo "1935"]
[BlackElo "2197"]
[PlyCount "50"]
[EventDate "2015.01.17"]
[EventType "swiss"]
[EventRounds "9"]
[EventCountry "CZE"]
[Source "lmi"]
[SourceDate "2015.01.17"]

1. e4 c5 2. Nf3 d6 3. d4 cxd4 4. Nxd4 Nf6 5. Nc3 g6 6. Be3 Bg7 7. f3 O-O 8. Qd2
Nc6 9. Bc4 Nxd4 10. Bxd4 Be6 11. Bb3 Qa5 12. O-O-O b5 13. Kb1 Rfc8 14. a3 Bxb3
15. cxb3 b4 16. Bxf6 bxc3 17. Bxc3 Bxc3 18. bxc3 Rxc3 19. Kb2 Rac8 20. Rhe1 Qe5
21. Kb1 Rxb3+ 22. Ka2 Rbc3 23. Re2 Qc5 24. Qb2 Qc4+ 25. Ka1 Qa4 0-1

[Event "Open Marianske Lazne 2015 - C - open"]
[Site "Marianske Lazne CZE"]
[Date "2015.01.21"]
[Round "6.5"]
[White "Danko, Jiri"]
[Black "Bretsnajdr, Vladimir"]
[Result "0-1"]
[WhiteElo "1993"]
[BlackElo "2288"]
[PlyCount "72"]
[EventDate "2015.01.17"]
[EventType "swiss"]
[EventRounds "9"]
[EventCountry "CZE"]
[Source "lmi"]
[SourceDate "2015.01.17"]

1. e4 c5 2. Nf3 e6 3. c3 d5 4. Bb5+ Bd7 5. Bxd7+ Qxd7 6. exd5 Qxd5 7. d4 Nc6 8.
O-O Nf6 9. Na3 cxd4 10. c4 Qd7 11. Nb5 Bc5 12. Qd3 a6 13. Na3 O-O 14. Nc2 e5
15. Nd2 Rfe8 16. f3 Rad8 17. Ne4 Be7 18. a3 Qc7 19. Bd2 Nd7 20. b4 g6 21. Bh6
f5 22. Ng5 Bf8 23. Bxf8 Nxf8 24. Rae1 Qe7 25. Nh3 Qf7 26. Nf2 Nd7 27. Nd1 Nf6
28. Nb2 e4 29. fxe4 Rxe4 30. Qd1 d3 31. Ne3 d2 32. Re2 Qe6 33. Nd5 Rxe2 34.
Nxf6+ Kf7 35. Nd5 Qe4 36. Nf4 Re1 0-1

[Event "Open Marianske Lazne 2015 - C - open"]
[Site "Marianske Lazne CZE"]
[Date "2015.01.21"]
[Round "6.6"]
[White "Haugli, Petter"]
[Black "Belurkar, Nitish"]
[Result "0-1"]
[WhiteElo "2278"]
[BlackElo "1967"]
[PlyCount "76"]
[EventDate "2015.01.17"]
[EventType "swiss"]
[EventRounds "9"]
[EventCountry "CZE"]
[Source "lmi"]
[SourceDate "2015.01.17"]

1. d4 Nf6 2. c4 g6 3. Nc3 Bg7 4. e4 d6 5. Nf3 O-O 6. Be2 c5 7. d5 e6 8. O-O Re8
9. Qc2 exd5 10. cxd5 Na6 11. Re1 Nb4 12. Qb1 Bg4 13. Nd2 Bxe2 14. Rxe2 Qd7 15.
a3 Na6 16. Qd3 Nc7 17. a4 Na6 18. Nc4 Nb4 19. Qf3 Ng4 20. Bf4 Ne5 21. Bxe5 Bxe5
22. Nd1 f5 23. exf5 Qxf5 24. Qxf5 gxf5 25. Nde3 f4 26. Ng4 Bg7 27. Rxe8+ Rxe8
28. Nxd6 Re2 29. Kf1 Rxb2 30. Re1 h5 31. Re8+ Kh7 32. Ne5 Nxd5 33. Nd3 Rb6 34.
Nc4 Rb3 35. Nxc5 Rc3 36. Re4 Rc1+ 37. Ke2 Nc3+ 38. Kd2 Nxe4+ 0-1

[Event "Open Marianske Lazne 2015 - C - open"]
[Site "Marianske Lazne CZE"]
[Date "2015.01.21"]
[Round "6.7"]
[White "Stigar, Petter"]
[Black "Paldus, Petr"]
[Result "1-0"]
[WhiteElo "2213"]
[BlackElo "2016"]
[PlyCount "69"]
[EventDate "2015.01.17"]
[EventType "swiss"]
[EventRounds "9"]
[EventCountry "CZE"]
[Source "lmi"]
[SourceDate "2015.01.17"]

1. Nf3 f5 2. g3 Nf6 3. Bg2 g6 4. O-O Bg7 5. d4 O-O 6. c4 c6 7. Nc3 d5 8. cxd5
cxd5 9. Ne5 Nc6 10. Qa4 Nxe5 11. dxe5 Ne4 12. Qd4 Nxc3 13. bxc3 e6 14. Ba3 Re8
15. c4 Qc7 16. f4 dxc4 17. Bd6 Rd8 18. Rfd1 Qb6 19. Kf1 Qxd4 20. Rxd4 Bf8 21.
Rc1 Bxd6 22. exd6 Bd7 23. Rcxc4 Bc6 24. Bxc6 bxc6 25. Rxc6 Rd7 26. Rc7 Rad8 27.
Ra4 Rxd6 28. Raxa7 e5 29. Rg7+ Kf8 30. Rxh7 Kg8 31. fxe5 Re6 32. Rag7+ Kf8 33.
Rd7 Rxd7 34. Rxd7 Ra6 35. Rd6 1-0

[Event "Open Marianske Lazne 2015 - C - open"]
[Site "Marianske Lazne CZE"]
[Date "2015.01.21"]
[Round "6.8"]
[White "Kulas, Szymon"]
[Black "Kolovratnik, Milos"]
[Result "0-1"]
[WhiteElo "2015"]
[BlackElo "2087"]
[PlyCount "142"]
[EventDate "2015.01.17"]
[EventType "swiss"]
[EventRounds "9"]
[EventCountry "CZE"]
[Source "lmi"]
[SourceDate "2015.01.17"]

1. e4 c6 2. d4 d5 3. exd5 cxd5 4. Bd3 Nf6 5. c3 e6 6. Bf4 Nc6 7. Nf3 h6 8. O-O
Bd6 9. Bxd6 Qxd6 10. Re1 Qc7 11. Nbd2 b6 12. Ne5 Bb7 13. f4 O-O-O 14. b4 Kb8
15. Qb3 g5 16. a4 gxf4 17. Ndf3 Nxe5 18. Nxe5 Ne4 19. Ra3 Rhg8 20. a5 f3 21.
Nxf3 Qf4 22. Qd1 Rxg2+ 23. Kxg2 Rg8+ 24. Kf1 Nd2+ 25. Kf2 Nxf3 26. Qxf3 Qxh2+
27. Ke3 Rg3 28. Qxg3+ Qxg3+ 29. Kd2 h5 30. axb6 axb6 31. Raa1 h4 32. Re2 Qf4+
33. Kc2 Bc6 34. b5 Bd7 35. Rh1 f6 36. Reh2 e5 37. Rxh4 Qf2+ 38. Kb3 e4 39. Bf1
Kc7 40. Rh7 Kd6 41. R7h2 Qg3 42. Be2 Bf5 43. Rh6 Bg6 44. Bh5 Bxh5 45. R6xh5 Ke6
46. Rf1 Qg4 47. Rh2 Qg5 48. Rhf2 f5 49. Rh2 e3 50. Rfh1 f4 51. Rh6+ Kf7 52.
Rh7+ Kg6 53. Rh8 Kg7 54. R8h7+ Kg6 55. Rh8 Qf5 56. R8h6+ Kg7 57. R6h5 Qg4 58.
R5h4 Qf3 59. Rh7+ Kg6 60. R7h3 Qe4 61. Rg1+ Kf7 62. Rh5 e2 63. Re5 Qd3 64. Rgg5
f3 65. Rgf5+ Kg6 66. Rg5+ Kf6 67. Rg8 Qb1+ 68. Ka3 e1=Q 69. Rxe1 Qxe1 70. Rf8+
Ke7 71. Rxf3 Qe2 0-1

[Event "Open Marianske Lazne 2015 - C - open"]
[Site "Marianske Lazne CZE"]
[Date "2015.01.21"]
[Round "6.9"]
[White "Eriksson, Christian Altenburg"]
[Black "Jennewein, Norbert"]
[Result "1-0"]
[WhiteElo "2164"]
[BlackElo "1851"]
[PlyCount "36"]
[EventDate "2015.01.17"]
[EventType "swiss"]
[EventRounds "9"]
[EventCountry "CZE"]
[Source "lmi"]
[SourceDate "2015.01.17"]

1. e4 d5 2. exd5 Qxd5 3. Nf3 Bg4 4. Be2 Nc6 5. d4 O-O-O 6. Be3 e6 7. h3 Bh5 8.
O-O h6 9. c4 Qf5 10. Nbd2 Qh7 11. Qb3 Nf6 12. Rac1 Bb4 13. Rfd1 Bxd2 14. Rxd2
Ne7 15. Qa3 Nf5 16. Qxa7 Nd7 17. c5 Nb8 18. c6 bxc6 1-0

[Event "Open Marianske Lazne 2015 - C - open"]
[Site "Marianske Lazne CZE"]
[Date "2015.01.21"]
[Round "6.10"]
[White "Heydarli, Kanan"]
[Black "Wozniak, Mariola"]
[Result "1/2-1/2"]
[WhiteElo "2273"]
[BlackElo "1983"]
[PlyCount "100"]
[EventDate "2015.01.17"]
[EventType "swiss"]
[EventRounds "9"]
[EventCountry "CZE"]
[Source "lmi"]
[SourceDate "2015.01.17"]

1. d4 f5 2. Nf3 Nf6 3. g3 g6 4. Bg2 Bg7 5. O-O O-O 6. c4 d6 7. Nc3 Nc6 8. d5
Na5 9. Qd3 e5 10. dxe6 Bxe6 11. Nd2 Nc6 12. e3 Qd7 13. Rb1 Qf7 14. b3 Rad8 15.
Bb2 d5 16. cxd5 Nxd5 17. Nxd5 Bxb2 18. Rxb2 Bxd5 19. Bxd5 Qxd5 20. Qxd5+ Rxd5
21. Nf3 Rfd8 22. Rc2 R8d7 23. Rfc1 Kf8 24. Kf1 Ke8 25. Ke2 Kd8 26. Rc4 Ne5 27.
Nxe5 Rxe5 28. h4 Red5 29. R1c2 c6 30. Kf3 Ke7 31. Kf4 Kf6 32. f3 h6 33. g4 fxg4
34. Kxg4 Rd1 35. Re4 Re1 36. Kh3 a6 37. Rf4+ Kg7 38. Rg4 Rh1+ 39. Kg2 Rdd1 40.
Rb4 Rhg1+ 41. Kf2 Rgf1+ 42. Kg3 Rd7 43. Re4 Kf7 44. Rf4+ Kg7 45. Re4 Kf7 46.
Rcc4 Rg1+ 47. Kf2 Rdd1 48. Rf4+ Kg7 49. Rfe4 Kf7 50. Rf4+ Kg7 1/2-1/2

[Event "Open Marianske Lazne 2015 - C - open"]
[Site "Marianske Lazne CZE"]
[Date "2015.01.21"]
[Round "6.11"]
[White "Nowak, Kamil"]
[Black "Pedersen, Henrik Bolding"]
[Result "1-0"]
[WhiteElo "1892"]
[BlackElo "2181"]
[PlyCount "119"]
[EventDate "2015.01.17"]
[EventType "swiss"]
[EventRounds "9"]
[EventCountry "CZE"]
[Source "lmi"]
[SourceDate "2015.01.17"]

1. e4 c6 2. d4 d5 3. e5 c5 4. dxc5 Nc6 5. Bb5 e6 6. Be3 Nge7 7. c3 Bd7 8. Bxc6
Bxc6 9. Nf3 Nf5 10. Bd4 Nxd4 11. Qxd4 Qc7 12. b4 b6 13. cxb6 axb6 14. O-O Be7
15. a3 Bb5 16. Re1 O-O 17. Ra2 Ra4 18. Qe3 Bc4 19. Rc2 Rc8 20. Nd4 Qb7 21. f4
g6 22. Kh1 Qa6 23. Rd1 Bf8 24. g4 Qb7 25. Re1 Qe7 26. f5 exf5 27. gxf5 Qh4 28.
e6 Qe4+ 29. Rg2 Qxe3 30. Rxe3 Bh6 31. exf7+ Kxf7 32. Rh3 Bf1 33. fxg6+ Kg8 34.
Rxh6 Bxg2+ 35. Kxg2 hxg6 36. Rxg6+ Kf7 37. Rxb6 Rg8+ 38. Kf2 Rh8 39. Nf3 Ra7
40. Rd6 Rh5 41. h4 Ke7 42. Rg6 Ra8 43. Rg5 Rxg5 44. hxg5 Ke6 45. Ke3 Kf5 46. b5
Ra5 47. Nbd2 Rxa3 48. Kd4 Ke6 49. g6 Kf6 50. Ne5 Ra2 51. Ndf3 Ke6 52. Kc5 Ra3
53. Kb4 Ra1 54. c4 dxc4 55. Kxc4 Rc1+ 56. Kb4 Kd6 57. g7 Rb1+ 58. Ka5 Ra1+ 59.
Kb6 Ra8 60. Nf7+ 1-0

[Event "Open Marianske Lazne 2015 - C - open"]
[Site "Marianske Lazne CZE"]
[Date "2015.01.21"]
[Round "6.12"]
[White "Lukasiewicz, Anna"]
[Black "Anjali, Sagar"]
[Result "1-0"]
[WhiteElo "2102"]
[BlackElo "1873"]
[PlyCount "105"]
[EventDate "2015.01.17"]
[EventType "swiss"]
[EventRounds "9"]
[EventCountry "CZE"]
[Source "lmi"]
[SourceDate "2015.01.17"]

1. e4 e5 2. Nf3 Nc6 3. Bb5 a6 4. Ba4 Nf6 5. d3 d6 6. c3 Be7 7. O-O O-O 8. h3
Bd7 9. Re1 h6 10. Nbd2 Nh7 11. d4 Bf6 12. dxe5 Nxe5 13. Bxd7 Qxd7 14. Nxe5 dxe5
15. Nf3 Rfd8 16. Qxd7 Rxd7 17. Kf1 Rad8 18. Be3 Ng5 19. Bxg5 hxg5 20. Ke2 Be7
21. Rad1 f6 22. Rxd7 Rxd7 23. Nd2 Kf7 24. Nc4 b6 25. f3 Ke6 26. a4 a5 27. Ne3
Bc5 28. Nc2 Be7 29. Rb1 Bc5 30. Ne1 Be7 31. Nd3 Bf8 32. Rh1 Be7 33. h4 gxh4 34.
Rxh4 Rd8 35. Rh7 Kf7 36. g4 Kg6 37. Rh1 Kf7 38. Ne1 Rd7 39. Ng2 Rd8 40. Ne3 Bc5
41. Nf5 g6 42. Rh7+ Ke6 43. Nh4 g5 44. Nf5 Rc8 45. Kd3 Bd6 46. Kc4 Rf8 47. Kb5
Rf7 48. Rxf7 Kxf7 49. Kc6 Bc5 50. Kxc7 Ke6 51. b3 Bf2 52. Nd6 Be1 53. c4 1-0

[Event "Open Marianske Lazne 2015 - C - open"]
[Site "Marianske Lazne CZE"]
[Date "2015.01.21"]
[Round "6.13"]
[White "Jiruse, Josef"]
[Black "Mc Aleenan, Charles"]
[Result "1-0"]
[WhiteElo "2045"]
[BlackElo "1795"]
[PlyCount "51"]
[EventDate "2015.01.17"]
[EventType "swiss"]
[EventRounds "9"]
[EventCountry "CZE"]
[Source "lmi"]
[SourceDate "2015.01.17"]

1. f4 d6 2. b3 e5 3. fxe5 Nc6 4. Nf3 Bg4 5. Bb2 Bxf3 6. exf3 dxe5 7. Bb5 Qh4+
8. g3 Qh6 9. Bxc6+ Qxc6 10. Bxe5 f6 11. Bb2 Bd6 12. Nc3 O-O-O 13. O-O h5 14.
Ne4 h4 15. Nxd6+ Qxd6 16. g4 Ne7 17. d4 Nd5 18. Qd3 Kb8 19. Rae1 Rde8 20. c4
Nf4 21. Qd2 g5 22. Rxe8+ Rxe8 23. Re1 Qd7 24. d5 Rxe1+ 25. Qxe1 Nd3 26. Qe6 1-0

[Event "Open Marianske Lazne 2015 - C - open"]
[Site "Marianske Lazne CZE"]
[Date "2015.01.21"]
[Round "6.14"]
[White "Dadello, Aleksandra"]
[Black "Bebel, Agnieszka"]
[Result "1-0"]
[WhiteElo "2032"]
[BlackElo "1627"]
[PlyCount "83"]
[EventDate "2015.01.17"]
[EventType "swiss"]
[EventRounds "9"]
[EventCountry "CZE"]
[Source "lmi"]
[SourceDate "2015.01.17"]

1. e4 c5 2. Nf3 e6 3. d4 cxd4 4. Nxd4 a6 5. Bd3 Qc7 6. Qe2 d6 7. Be3 Nf6 8. Nd2
Be7 9. O-O-O Nbd7 10. f4 b5 11. g4 Nc5 12. g5 Nfd7 13. Kb1 Bb7 14. f5 d5 15.
fxe6 fxe6 16. exd5 Bxd5 17. Qh5+ Kd8 18. Rhf1 e5 19. N4b3 Nxd3 20. cxd3 g6 21.
Qg4 Rc8 22. Rc1 Qb7 23. Ne4 Rxc1+ 24. Rxc1 Bxb3 25. axb3 Qd5 26. d4 exd4 27.
Rd1 d3 28. Nc3 Qf5 29. Qd4 Qe5 30. Qxd3 Qf5 31. Ne4 Rf8 32. Ka2 b4 33. Bb6+ Ke8
34. Re1 Ne5 35. Nd6+ Kd7 36. Nxf5+ Nxd3 37. Rxe7+ Kc6 38. Re6+ Kd5 39. Rd6+ Ke5
40. Rxd3 Rxf5 41. h4 Ke4 42. Rd4+ 1-0

[Event "Open Marianske Lazne 2015 - C - open"]
[Site "Marianske Lazne CZE"]
[Date "2015.01.21"]
[Round "6.15"]
[White "Janska, Jitka"]
[Black "Szulc, Patrycja"]
[Result "1-0"]
[WhiteElo "2021"]
[BlackElo "1367"]
[PlyCount "69"]
[EventDate "2015.01.17"]
[EventType "swiss"]
[EventRounds "9"]
[EventCountry "CZE"]
[Source "lmi"]
[SourceDate "2015.01.17"]

1. e4 c5 2. Nf3 d6 3. Nc3 Nf6 4. d4 cxd4 5. Nxd4 a6 6. Be2 e6 7. Be3 Be7 8. a4
O-O 9. f4 Nbd7 10. Bf3 Rb8 11. O-O Qc7 12. Kh1 Nb6 13. Bg1 Bd7 14. Qe1 e5 15.
Nf5 Bxf5 16. exf5 Nfd7 17. a5 Nc8 18. Nd5 Qd8 19. Rd1 Re8 20. Qc3 Bf6 21. Nxf6+
Qxf6 22. Rfe1 Ne7 23. Qc7 Qxf5 24. Be4 Qg4 25. h3 Qxf4 26. Qxd7 Rbd8 27. Qxb7
f5 28. Bc6 Nxc6 29. Qxc6 e4 30. Bh2 Qf2 31. Rf1 Qe2 32. Qd5+ Kh8 33. Qxf5 Qxc2
34. Rxd6 Rb8 35. Re6 1-0

[Event "Open Marianske Lazne 2015 - C - open"]
[Site "Marianske Lazne CZE"]
[Date "2015.01.21"]
[Round "6.16"]
[White "Najart, David"]
[Black "Horyna, Josef"]
[Result "1-0"]
[WhiteElo "2154"]
[BlackElo "1866"]
[PlyCount "103"]
[EventDate "2015.01.17"]
[EventType "swiss"]
[EventRounds "9"]
[EventCountry "CZE"]
[Source "lmi"]
[SourceDate "2015.01.17"]

1. d4 d5 2. c4 c6 3. Nf3 Nf6 4. e3 e6 5. b3 Bd6 6. Bb2 Nbd7 7. Bd3 O-O 8. Nbd2
Re8 9. Ne5 Nf8 10. O-O Qe7 11. Qc2 Bxe5 12. dxe5 N6d7 13. Rac1 f5 14. Nf3 Ng6
15. a3 Ndf8 16. g3 Bd7 17. b4 Rac8 18. Bd4 b6 19. c5 b5 20. a4 a6 21. Ra1 Ra8
22. Ra3 Rec8 23. Rfa1 Qd8 24. Qa2 Rab8 25. axb5 axb5 26. Nd2 Rc7 27. Nb3 Ne7
28. Ra6 g5 29. f4 Neg6 30. Rb6 h6 31. Qb2 Ne7 32. Raa6 Ra8 33. Qa1 Rxa6 34.
Qxa6 gxf4 35. exf4 Be8 36. Na5 Qd7 37. Rb7 Rxb7 38. Nxb7 Bh5 39. Nd6 Kg7 40.
Bxf5 Nxf5 41. Nxf5+ Kh7 42. Nd6 Ng6 43. Qb7 Qxb7 44. Nxb7 Ne7 45. h3 Bf7 46.
Kg2 Kg6 47. g4 h5 48. Nd8 hxg4 49. hxg4 Bg8 50. Kf3 Bf7 51. Bf2 Kg7 52. Bh4 1-0

[Event "Open Marianske Lazne 2015 - C - open"]
[Site "Marianske Lazne CZE"]
[Date "2015.01.21"]
[Round "6.17"]
[White "Kuhn, Morten"]
[Black "Vavra, Pavel"]
[Result "0-1"]
[WhiteElo "1862"]
[BlackElo "2029"]
[PlyCount "88"]
[EventDate "2015.01.17"]
[EventType "swiss"]
[EventRounds "9"]
[EventCountry "CZE"]
[Source "lmi"]
[SourceDate "2015.01.17"]

1. e4 c5 2. Nf3 e6 3. d4 cxd4 4. Nxd4 a6 5. c4 Nf6 6. Nc3 Qc7 7. Be3 Nc6 8. Nc2
b6 9. Be2 Bb7 10. f3 Bc5 11. O-O d6 12. a3 O-O 13. b4 Bxe3+ 14. Nxe3 Rfd8 15.
Rc1 Ne7 16. Kh1 Rac8 17. b5 a5 18. Na4 Nd7 19. Qc2 Nc5 20. Nc3 d5 21. cxd5 exd5
22. Nexd5 Nxd5 23. Nxd5 Bxd5 24. exd5 Rxd5 25. Bc4 Rd4 26. Rfd1 Rxd1+ 27. Qxd1
Rd8 28. Qe2 g6 29. Re1 Qd6 30. h3 Kg7 31. Qe7 Qxe7 32. Rxe7 Rd7 33. Re8 Rd4 34.
Be2 h5 35. Kg1 h4 36. Kf2 g5 37. Ke3 Ra4 38. Rb8 Rxa3+ 39. Kf2 Na4 40. Bd1 Nc3
41. Rd8 Nxd1+ 42. Rxd1 Rb3 43. Rd5 f6 44. g3 Rb2+ 0-1

[Event "Open Marianske Lazne 2015 - C - open"]
[Site "Marianske Lazne CZE"]
[Date "2015.01.21"]
[Round "6.18"]
[White "Antolak, Julia"]
[Black "Dolezal, Rudolf"]
[Result "1-0"]
[WhiteElo "1964"]
[BlackElo "1777"]
[PlyCount "69"]
[EventDate "2015.01.17"]
[EventType "swiss"]
[EventRounds "9"]
[EventCountry "CZE"]
[Source "lmi"]
[SourceDate "2015.01.17"]

1. e4 e6 2. d4 d6 3. Nf3 Nf6 4. Nc3 a6 5. a4 Be7 6. Bd3 b6 7. O-O O-O 8. Qe2
Bb7 9. Rd1 Nbd7 10. e5 Nd5 11. Nxd5 Bxd5 12. Bxa6 Bxf3 13. gxf3 d5 14. Bd3 Re8
15. Kh1 f5 16. Bb5 Qc8 17. Bc6 Rb8 18. c4 Nf8 19. Bxe8 Qxe8 20. cxd5 exd5 21.
Qb5 c6 22. Qd3 Qh5 23. Rg1 Ne6 24. Rg2 Rf8 25. f4 Qh4 26. a5 bxa5 27. Rxa5 Bb4
28. Ra7 g6 29. Be3 Qh5 30. Ra1 Qf3 31. Qd1 Qh3 32. Qa4 c5 33. dxc5 Bxc5 34. Qc6
Kf7 35. Bxc5 1-0

[Event "Open Marianske Lazne 2015 - C - open"]
[Site "Marianske Lazne CZE"]
[Date "2015.01.21"]
[Round "6.19"]
[White "Ruzicka, Tomas"]
[Black "Hoke, Petr"]
[Result "1-0"]
[WhiteElo "1764"]
[BlackElo "1948"]
[PlyCount "113"]
[EventDate "2015.01.17"]
[EventType "swiss"]
[EventRounds "9"]
[EventCountry "CZE"]
[Source "lmi"]
[SourceDate "2015.01.17"]

1. e4 e5 2. Nf3 d6 3. d4 Nd7 4. Bc4 c6 5. O-O Be7 6. dxe5 dxe5 7. Ng5 Bxg5 8.
Qh5 Qe7 9. Qxg5 Qxg5 10. Bxg5 Ngf6 11. Nd2 Nc5 12. f3 b5 13. Be2 Be6 14. b3
O-O-O 15. c4 Nd3 16. cxb5 cxb5 17. a4 Nf4 18. Bxf4 exf4 19. Rfd1 bxa4 20. bxa4
Rd7 21. Rab1 Rc7 22. Ba6+ Kd7 23. Nc4+ Ke7 24. Ne5 Nd7 25. Nxd7 Bxd7 26. Bb5
Rd8 27. Rd5 Be6 28. Rxd8 Kxd8 29. Rd1+ Ke7 30. Rd2 Bd7 31. Rd5 Bxb5 32. Rxb5 g6
33. Kf2 Kd6 34. g3 Rc2+ 35. Kg1 fxg3 36. hxg3 Kc6 37. Ra5 Kb6 38. Rb5+ Ka6 39.
Rd5 Ra2 40. Rd7 Rxa4 41. Rxf7 Ra2 42. Rxh7 Kb5 43. Rg7 a5 44. Rxg6 a4 45. Rg8
Kc5 46. Rd8 Ra1+ 47. Kf2 a3 48. Ra8 a2 49. Kg2 Kd6 50. f4 Kc5 51. g4 Kd4 52.
Ra4+ Ke3 53. f5 Kf4 54. f6 Rb1 55. Rxa2 Kxg4 56. f7 Rb8 57. Rf2 1-0

[Event "Open Marianske Lazne 2015 - C - open"]
[Site "Marianske Lazne CZE"]
[Date "2015.01.21"]
[Round "6.20"]
[White "Krajinski, Lutz"]
[Black "Polak, Jiri"]
[Result "0-1"]
[WhiteElo "1733"]
[BlackElo "1893"]
[PlyCount "80"]
[EventDate "2015.01.17"]
[EventType "swiss"]
[EventRounds "9"]
[EventCountry "CZE"]
[Source "lmi"]
[SourceDate "2015.01.17"]

1. c4 e5 2. Nc3 Nc6 3. g3 g6 4. Bg2 Bg7 5. e3 d6 6. Nge2 f5 7. d4 Nf6 8. Bxc6+
bxc6 9. dxe5 dxe5 10. Qxd8+ Kxd8 11. Bd2 Be6 12. b3 Ke7 13. Na4 a5 14. Nec3 e4
15. Rd1 Nd7 16. Ne2 Ne5 17. O-O Nf3+ 18. Kg2 g5 19. Bc1 h5 20. Ba3+ Kf7 21. h3
h4 22. Nc5 hxg3 23. fxg3 Rxh3 24. Rh1 Rxh1 25. Rxh1 Rh8 26. Rxh8 Bxh8 27. Nxe6
Kxe6 28. Bc5 Be5 29. Bd4 Bxd4 30. exd4 Kd6 31. Kf2 c5 32. Ke3 cxd4+ 33. Nxd4
Nxd4 34. Kxd4 c5+ 35. Ke3 Ke5 36. a3 f4+ 37. gxf4+ gxf4+ 38. Kf2 Kd4 39. Ke2
Kc3 40. b4 Kxc4 0-1

[Event "Open Marianske Lazne 2015 - C - open"]
[Site "Marianske Lazne CZE"]
[Date "2015.01.21"]
[Round "6.21"]
[White "Nepomnyaschaya, Mariya"]
[Black "Von Keyserlingk, Chanda"]
[Result "0-1"]
[WhiteElo "1547"]
[BlackElo "1779"]
[PlyCount "80"]
[EventDate "2015.01.17"]
[EventType "swiss"]
[EventRounds "9"]
[EventCountry "CZE"]
[Source "lmi"]
[SourceDate "2015.01.17"]

1. e4 c5 2. Nf3 d6 3. d4 cxd4 4. Nxd4 Nf6 5. Nc3 g6 6. Be3 Bg7 7. f3 O-O 8. Qd2
Nc6 9. Bc4 Bd7 10. h4 Ne5 11. Bb3 Rc8 12. O-O-O Nc4 13. Bxc4 Rxc4 14. h5 Qa5
15. Kb1 Rfc8 16. Nb3 Qc7 17. hxg6 hxg6 18. Bd4 e5 19. Be3 Rxc3 20. Qxc3 Qb8 21.
Qd2 d5 22. g4 d4 23. Bg5 Qd6 24. Qg2 Qf8 25. Rh3 Qd6 26. Qe2 Qc6 27. Rdh1 Kf8
28. Qh2 Ng8 29. Rh7 Be6 30. a3 f6 31. Bc1 d3 32. Ka1 dxc2 33. Nd2 b5 34. Qg1
Qa6 35. Qe1 b4 36. Nf1 Rb8 37. Qf2 Qc4 38. b3 Qc3+ 39. Bb2 c1=Q+ 40. Ka2 Qxb3#
0-1

[Event "Open Marianske Lazne 2015 - C - open"]
[Site "Marianske Lazne CZE"]
[Date "2015.01.21"]
[Round "6.22"]
[White "Wolaniecki, Patryk"]
[Black "Svoboda, Frantisek"]
[Result "1-0"]
[WhiteElo "1473"]
[BlackElo "1754"]
[PlyCount "81"]
[EventDate "2015.01.17"]
[EventType "swiss"]
[EventRounds "9"]
[EventCountry "CZE"]
[Source "lmi"]
[SourceDate "2015.01.17"]

1. e4 Nc6 2. d4 d5 3. exd5 Qxd5 4. Be3 e5 5. Nc3 Bb4 6. Qd2 Bxc3 7. bxc3 exd4
8. cxd4 Nge7 9. Nf3 O-O 10. Be2 Nf5 11. Bd3 Nd6 12. c3 f5 13. O-O Nc4 14. Qe2
N6a5 15. Nd2 b5 16. Nb3 Nxb3 17. axb3 Nxe3 18. fxe3 a6 19. c4 Qb7 20. cxb5 a5
21. Qc2 g6 22. e4 Qb6 23. Qc5 Qxc5 24. dxc5 fxe4 25. Rxf8+ Kxf8 26. Bxe4 Ra7
27. Bc6 Ke7 28. Re1+ Kf6 29. Re8 Bb7 30. b6 cxb6 31. cxb6 Ra6 32. Bxb7 Rxb6 33.
Bd5 Rd6 34. Bc4 Rd1+ 35. Kf2 Rd2+ 36. Re2 Rd7 37. Re6+ Kf5 38. Kf3 Rd1 39. Ra6
Ra1 40. Bb5 Rf1+ 41. Bxf1 1-0

[Event "Open Marianske Lazne 2015 - C - open"]
[Site "Marianske Lazne CZE"]
[Date "2015.01.22"]
[Round "7.1"]
[White "Nguyen, Thai Dai Van"]
[Black "Golcman, Evgeny"]
[Result "1/2-1/2"]
[WhiteElo "2212"]
[BlackElo "2117"]
[PlyCount "90"]
[EventDate "2015.01.17"]
[EventType "swiss"]
[EventRounds "9"]
[EventCountry "CZE"]
[Source "lmi"]
[SourceDate "2015.01.17"]

1. Nf3 d5 2. d4 Bf5 3. c4 e6 4. Nc3 c6 5. Qb3 Qb6 6. c5 Qc7 7. Bf4 Qc8 8. e3
Nd7 9. Rc1 h6 10. Be2 Ngf6 11. h3 Be7 12. O-O O-O 13. Qd1 Bd8 14. b4 a6 15. a4
Bc7 16. Bxc7 Qxc7 17. Nh4 Be4 18. f3 Bh7 19. f4 Ne4 20. Bd3 b6 21. Nf3 bxc5 22.
bxc5 Nxc3 23. Bxh7+ Kxh7 24. Rxc3 Rfb8 25. Rb3 Kg8 26. Qc2 Rxb3 27. Qxb3 Rb8
28. Qc2 Qb7 29. f5 Qb3 30. Qe2 Qxa4 31. fxe6 fxe6 32. e4 Qc4 33. Qxc4 dxc4 34.
Ra1 c3 35. Kf2 e5 36. Ke3 Rb2 37. Rc1 exd4+ 38. Kxd4 c2 39. Ne5 Rb4+ 40. Nc4
Rb5 41. Rxc2 Nxc5 42. Ke5 Nb7+ 43. Ke6 Nc5+ 44. Ke5 Nb7+ 45. Ke6 Nc5+ 1/2-1/2

[Event "Open Marianske Lazne 2015 - C - open"]
[Site "Marianske Lazne CZE"]
[Date "2015.01.22"]
[Round "7.2"]
[White "Kolovratnik, Milos"]
[Black "Strebkovs, Andrejs"]
[Result "1-0"]
[WhiteElo "2087"]
[BlackElo "2335"]
[PlyCount "73"]
[EventDate "2015.01.17"]
[EventType "swiss"]
[EventRounds "9"]
[EventCountry "CZE"]
[Source "lmi"]
[SourceDate "2015.01.17"]

1. d4 Nf6 2. c4 g6 3. Nc3 d6 4. e4 Bg7 5. Nf3 O-O 6. Be2 Na6 7. O-O c6 8. a3 e5
9. dxe5 dxe5 10. Bg5 Qe8 11. Qc2 Nc5 12. Bh4 Nh5 13. Rfd1 Ne6 14. Bf1 f6 15. b4
g5 16. Bg3 Nxg3 17. hxg3 Qg6 18. Rd2 h5 19. Rad1 h4 20. c5 Re8 21. Bc4 Kf8 22.
Qb3 hxg3 23. fxg3 Nc7 24. Rd6 Bg4 25. b5 Re7 26. bxc6 bxc6 27. Rxc6 Qe8 28.
Rcd6 Ne6 29. Nd5 Rb8 30. Qe3 Qa4 31. Nxe7 Qxc4 32. Nf5 Kg8 33. Nxg7 Kxg7 34. c6
Nd4 35. Nxd4 Bxd1 36. Nf5+ Kg6 37. Rxd1 1-0